Cultures and organizations : software of the mind
Αποθηκεύτηκε σε:
| Κύριος συγγραφέας: | |
|---|---|
| Μορφή: | Βιβλίο |
| Γλώσσα: | English |
| Δημοσίευση: |
London :
McGraw-Hill,
c1991 c1997
|
| Θέματα: | |
| Ετικέτες: |
Προσθήκη ετικέτας
Δεν υπάρχουν, Καταχωρήστε ετικέτα πρώτοι!
|
MARC
| LEADER | 00000cam a2200000 i 4500 | ||
|---|---|---|---|
| 001 | 1/4185 | ||
| 008 | 950224s1991 eng d | ||
| 020 | |a 0-07-707474-2 | ||
| 020 | |a 0-07-029307-4 | ||
| 035 | |a 1995 |c ΤΣΙΒΑΚΟΥ |l 10061065 | ||
| 040 | |a GR-MY-UA |b gre |e aacr | ||
| 041 | 0 | |a eng | |
| 082 | 0 | |a 306 | |
| 100 | 1 | |a Hofstede, Geert H. | |
| 245 | 1 | 0 | |a Cultures and organizations : |b software of the mind / |c Geert Hosfstede |
| 260 | |a London : |b McGraw-Hill, |c c1991 |c c1997 | ||
| 300 | |a 279 p.; |b ill.; |c 24 cm. | ||
| 504 | |a Includes bibliographical references and index | ||
| 650 | 0 | 0 | |a Intercultural communication. |
| 650 | 0 | 0 | |a Organization |x Research. |
| 650 | 0 | 0 | |a International cooperation. |
| 650 | 0 | 0 | |a National characteristics. |
| 650 | 0 | 0 | |a Ethnopsychology. |
| 852 | |a INST |b CHIOS |e 20000524 |h 306 HOF |p 005200017718 |q 005200017718 |t BK |y 0 | ||
| 852 | |a INST |b SAMOS |e 19950224 |h 306 HOF |p 005300006372 |q 005300006372 |t BK |y 0 | ||
| 901 | |a BIBL2-2000-2 | ||
| 909 | |a Σ |b 037833 | ||
| 909 | |a Χ |b 077943 | ||
| 922 | |a 2ΕΛΗ |b 200005 |c ΤΔΕ |d Παπασωτηρίου | ||
| 950 | |a 112-1999-11-07 | ||